00777 2200301 4500001002100000005001500021035002500036008004100061082001200102100003000114245004400144250004800188260003000236300004400266650001700310850001200327980001700339985000600356986001200362007000300374020001800377040001700395084001400412500001100426041000800437990001500445990001500460YOGYA00000000001918820210924102451 a0010-081400000018906130729s19921992yoia g 1 ind d04222a3300 aAce Partadiredjaepenulis10aPengantar ekonomika /cAce Partadiredja aEdisi keempat; Cetakan keenam, Oktober 199231aYogyakarta :bBPFE,c1992 aviii, 242 halaman :bilustrasi ;c24 cm 4aIlmu ekonomi aYOPDYOG a25 Juli 2005 a1 aYRrtrevta a979-503-100-7 aYOPDYOGbind a330 ACE p aIndeks aind a42399-P/93 a42399-P/93